000 01187nam a2200337 i 4500
003 EG-GICUC
005 20260121143904.0
008 260121s1920 fr ||||fr|||| 000 0 fre d
040 _aEG-GiCUC
_bfre
_cEG-GiCUC
_dEG-GiCUC
_eRda
041 _afre
082 0 4 _221
_a341.3051
_bRA . C
092 0 4 _221
099 _aLaw1 11 341.3051 RA . C 1920
100 1 _a Ariga, Nagao
_eAuteur
245 1 3 _aLa Chine Et La Grande Guerre Européenne :
_bAu Point De Vue Du Droit International D'après Les Documents Officiels Du Gouvernement Chinois /
_cPar Dr. Nagao Ariga
264 1 _aParis :
_bA. PEDONE,
_c1920.
300 _a243 page ;
_c 24 cm.
_billustration ;
336 _2rda contenu
_a texte
337 _2rda medias
_aOrdinateur
338 _2 transporteur rda
_a Ressource en ligne
504 _aBibliography: pages 200-250. 240-220
546 _aTexte en français
650 1 4 _aRelations internationales
_2qrmak
650 1 4 _a Droit international
_2qrmak
650 1 4 _aDroit de la mer
_2qrmak
651 1 _2qrmak
700 1 _a Fauchille, Paul
_ePréfacier
856 4 0 _uhttps://fll.law.cu.edu.eg/fulltext/bks/B11-06937.pdf
905 _a79
942 _2ddc
_cBK
_e21
_n0
999 _c58451
_d58451